[Event "Dresden ZMD op"]
[Site "Dresden"]
[Date "2007.07.25"]
[Round "5"]
[White "Kummerow, Heiko"]
[Black "Fox, Daniel"]
[Result "0-1"]
[WhiteElo "2308"]
[BlackElo "2097"]
[PlyCount "80"]
[EventDate "2007.07.21"]
[EventType "swiss"]
[EventRounds "9"]
[EventCountry "GER"]
[SourceTitle "EXT 2008"]
[Source "ChessBase"]
[SourceDate "2007.11.25"]
[SourceVersion "1"]
[SourceVersionDate "2007.11.25"]
[SourceQuality "1"]

1. e4 e6 2. d4 d5 3. Nc3 Bb4 4. e5 c5 5. a3 Bxc3+ 6. bxc3 Ne7 7. Qg4 0-0 8. Bd3 f5 9. exf6 Rxf6 10. Bg5 Rf7 11. Qh5 g6 12. Qd1 Nbc6 13. Nf3 Qf8 14. 0-0 c4 15. Be2 h6 16. Bc1 Qg7 17. Qd2 Kh7 18. a4 Bd7 19. Ba3 g5 20. Rae1 Ng6 21. Bd6 g4 22. Ne5 Ncxe5 23. Bxe5 Nxe5 24. dxe5 Bxa4 25. Bd1 Rg8 26. f3 gxf3 27. Rxf3 Rxf3 28. Bxf3 Qg5 29. Qf2 a6 30. Qb6 Bc6 31. Qc5 Qf5 32. Kh1 Rg7 33. Qd6 Rd7 34. Qc5 Qxc2 35. Bd1 Qd2 36. Rg1 Qxc3 37. Qf8 d4 38. Rf1 Rg7 39. Bf3 Bxf3 40. gxf3 Qd3 0-1

[Event "Dresden ZMD op"]
[Site "Dresden"]
[Date "2007.07.22"]
[Round "2"]
[White "Fox, Daniel"]
[Black "Graf, Alexander"]
[Result "0-1"]
[WhiteElo "2097"]
[BlackElo "2595"]
[PlyCount "42"]
[EventDate "2007.07.21"]
[EventType "swiss"]
[EventRounds "9"]
[EventCountry "GER"]
[SourceTitle "EXT 2008"]
[Source "ChessBase"]
[SourceDate "2007.11.25"]
[SourceVersion "1"]
[SourceVersionDate "2007.11.25"]
[SourceQuality "1"]

1. e4 e5 2. Nf3 Nc6 3. Bb5 a6 4. Ba4 Nf6 5. d4 exd4 6. 0-0 Be7 7. Re1 b5 8. e5 Nxe5 9. Nxe5 bxa4 10. Qxd4 Rb8 11. Qxa4 0-0 12. Nc3 Rb4 13. Qa5 Bb7 14. a3 Rh4 15. Nd3 Bd6 16. Bg5 Bxh2+ 17. Kf1 Rh5 18. Bxf6 Bxg2+ 19. Ke2 Bf3+ 20. Kd2 Qxf6 21. Qa4 d5 0-1

[Event "NRW-ch U18"]
[Site "Kranenburg"]
[Date "2007.04.14"]
[Round "7"]
[White "Fox, Daniel"]
[Black "Steves, Dayanand"]
[Result "1/2-1/2"]
[WhiteElo "2089"]
[BlackElo "1980"]
[PlyCount "31"]
[EventDate "2007.04.09"]
[EventType "swiss"]
[EventRounds "7"]
[EventCountry "GER"]
[SourceTitle "EXT 2008"]
[Source "ChessBase"]
[SourceDate "2007.11.25"]
[SourceVersion "1"]
[SourceVersionDate "2007.11.25"]
[SourceQuality "1"]

1. e4 e6 2. d4 d5 3. Nd2 c5 4. exd5 exd5 5. Ngf3 Nf6 6. Bb5+ Bd7 7. Bxd7+ Nbxd7 8. 0-0 Be7 9. dxc5 Nxc5 10. Nb3 Nce4 11. Be3 0-0 12. c3 Qd7 13. h3 b5 14. Nbd4 Bd6 15. Qd3 Rab8 16. Rac1 1/2-1/2

[Event "Werther Schloss op-A 13rd"]
[Site "Werther"]
[Date "2007.03.31"]
[Round "4"]
[White "Schwarz, Thomas1"]
[Black "Fox, Daniel"]
[Result "1/2-1/2"]
[WhiteElo "2176"]
[BlackElo "2089"]
[PlyCount "67"]
[EventDate "2007.03.29"]
[EventType "swiss"]
[EventRounds "7"]
[EventCountry "GER"]
[SourceTitle "CBM 117 Extra"]
[Source "ChessBase"]
[SourceDate "2007.05.09"]
[SourceVersion "1"]
[SourceVersionDate "2007.05.09"]
[SourceQuality "1"]

1. d4 d5 2. Nf3 Nf6 3. c4 e6 4. Nc3 Bb4 5. e3 0-0 6. Bd3 b6 7. 0-0 Bb7 8. Qe2 Nbd7 9. Rd1 Ne4 10. Qc2 Ndf6 11. Ne5 a6 12. Ne2 dxc4 13. Bxc4 Be7 14. b3 Qc8 15. Bb2 c5 16. Rac1 b5 17. Bd3 cxd4 18. Nxd4 Qxc2 19. Rxc2 Rac8 20. Rdc1 Rxc2 21. Rxc2 Nc5 22. Be2 Nd5 23. Ba3 b4 24. Bb2 Rc8 25. Bf3 f6 26. Nc4 Kf7 27. Na5 Nd3 28. Nxb7 Rxc2 29. Nxc2 Nxb2 30. Be2 Nc3 31. Bxa6 Nxa2 32. Na5 Nc1 33. Nc6 Nxb3 34. Nxe7 1/2-1/2

[Event "Werther Schloss op-A 13rd"]
[Site "Werther"]
[Date "2007.03.29"]
[Round "1"]
[White "Fox, Daniel"]
[Black "Kruse, Herbert"]
[Result "1/2-1/2"]
[WhiteElo "2105"]
[BlackElo "2228"]
[PlyCount "67"]
[EventDate "2007.03.29"]
[EventType "swiss"]
[EventRounds "7"]
[EventCountry "GER"]
[SourceTitle "CBM 117 Extra"]
[Source "ChessBase"]
[SourceDate "2007.05.09"]
[SourceVersion "1"]
[SourceVersionDate "2007.05.09"]
[SourceQuality "1"]

1. e4 c5 2. c3 Nf6 3. e5 Nd5 4. d4 cxd4 5. Nf3 d6 6. cxd4 Nc6 7. Bc4 Nb6 8. Bd3 Bg4 9. exd6 Qxd6 10. Be3 Rd8 11. Nc3 e5 12. 0-0 exd4 13. Nb5 Qd7 14. Nbxd4 Nxd4 15. Bxd4 Bxf3 16. Qxf3 Qxd4 17. Bb5+ Nd7 18. Qxb7 Qb6 19. Qxb6 axb6 20. Rad1 Bb4 21. Rxd7 0-0 22. Rfd1 Rxd7 23. Rxd7 Rc8 24. g4 g6 25. b3 Re8 26. Bc4 Re7 27. Rxe7 Bxe7 28. Kf1 Kg7 29. Ke2 f5 30. h3 fxg4 31. hxg4 h5 32. gxh5 gxh5 33. Kd3 Kf6 34. Ke4 1/2-1/2

[Event "Dortmund Sparkassen op-A"]
[Site "Dortmund"]
[Date "2006.08.01"]
[Round "4"]
[White "Heyden, Jonas"]
[Black "Fox, Daniel"]
[Result "1-0"]
[WhiteElo "1943"]
[BlackElo "2016"]
[PlyCount "107"]
[EventDate "2006.07.28"]
[EventType "swiss"]
[EventRounds "9"]
[EventCountry "GER"]
[SourceTitle "CBM 113 Extra"]
[Source "ChessBase"]
[SourceDate "2006.09.14"]
[SourceVersion "1"]
[SourceVersionDate "2006.09.14"]
[SourceQuality "1"]

1. e4 e6 2. d3 d5 3. Nd2 Nf6 4. g3 Bc5 5. Bg2 0-0 6. Ngf3 dxe4 7. dxe4 e5 8. 0-0 Nc6 9. c3 a5 10. Qc2 Be6 11. Nb3 Bb6 12. h3 a4 13. Nbd2 Qe7 14. Ng5 Rfd8 15. Nxe6 Qxe6 16. Re1 Na5 17. Qxa4 Nh5 18. Kf1 Qf6 19. Nf3 Rd3 20. Be3 Bxe3 21. Rxe3 Nxg3+ 22. Ke1 Rxe3+ 23. fxe3 Qc6 24. Qxc6 Nxc6 25. Nd2 Rd8 26. Nc4 b5 27. Na3 b4 28. Nb5 bxc3 29. bxc3 Na5 30. Nxc7 Nc4 31. Nd5 f5 32. exf5 Nxf5 33. Ke2 Rb8 34. Kd3 Nfd6 35. Nb4 Nb2+ 36. Kc2 Nbc4 37. Bd5+ Kf8 38. e4 g5 39. a4 Na5 40. Nc6 Nxc6 41. Bxc6 Rb6 42. Bd5 Ke7 43. c4 Ra6 44. Kc3 Kd7 45. a5 h5 46. Kb4 Kc7 47. Rg1 g4 48. hxg4 hxg4 49. Rxg4 Ne8 50. Rg5 Nf6 51. Rxe5 Nxd5+ 52. exd5 Rh6 53. c5 Rh1 54. Re7+ 1-0